Arboles de Costa Rica / (Registro nro. 4367)
[ vista simple ]
| 000 -CABECERA | |
|---|---|
| Campo de control | 00874cam a2200241 i 4500 |
| 005 - FECHA Y HORA DE LA ULTIMA TRANSACCION | |
| Campo de control | 20160213114753.0 |
| 008 - ELEMENTOS DE LONGITUD FIJA—INFORMACION GENERAL | |
| Campo de control | 040217s2000 cr a r 00010 spa d |
| 020 ## - ISBN | |
| ISBN | 9968702404 (v.2) |
| 040 ## - FUENTE DE CATALOGACIÓN | |
| Agencia catalogadora original | la |
| Agencia transcriptora | la |
| Agencia Modificadora | CO-BoIAVH |
| 041 1# - IDIOMA | |
| Código de idioma para texto/pista de sonido o título separado | Español |
| Código de idioma de la versión original y/o traducciones intermedias del texto | Inglés |
| 043 ## - GEOGRAPHIC AREA CODE | |
| Geographic area code | nccr--- |
| 082 04 - NUMERO DE CLASIFICACION DECIMAL DEWEY | |
| Número de clasificación | 582.16097286 |
| Número del ítem | Z25a |
| 100 1# - ASIENTO PRINCIPAL--NOMBRE PERSONAL | |
| Nombre personal | Zamora V., Nelson |
| 9 (RLIN) | 21883 |
| 245 10 - MENCION DE TITULO | |
| Título | Arboles de Costa Rica / |
| Mención de responsabilidad | Nelson Zamora V., Quìrico Jimènez M., Luis J. Poveda. |
| 260 ## - PUBLICACION, DISTRIBUCION, ETC. (PIE DE IMPRENTA) | |
| Lugar de publicación, distribución, etc. | San JosÉ (Costa Rica) : |
| Nombre del editor, distribuidor, etc. | Centro cientÍfico tropical, |
| Fecha de publicación, distribución, etc. | 2000. |
| 300 ## - DESCRIPCION FISICA | |
| Extensión | 2 volúmenes : |
| Otros detalles físicos | ilustraciones ; |
| Dimensiones | 23 cm. |
| 504 ## - NOTA DE BIBLIOGRAFIA, ETC. | |
| Nota de bibliografía | Incluye referencias bibliográficas. |
| 650 14 - ASIENTO SECUNDARIO DE MATERIA - TERMINO TEMATICO | |
| Término temático o nombre geográfico como elemento de entrada | Arboles |
| Subdivisión general | Clasificación |
| Subdivisión geográfica | Costa Rica. |
| 9 (RLIN) | 59394 |
| 650 24 - ASIENTO SECUNDARIO DE MATERIA - TERMINO TEMATICO | |
| Término temático o nombre geográfico como elemento de entrada | Arboles |
| Subdivisión general | Identificación |
| Subdivisión geográfica | Costa Rica. |
| 9 (RLIN) | 59395 |
| 700 1# - ASIENTO SECUNDARIO - NOMBRE PERSONAL | |
| Nombre personal | Jiménez M., Quírico, |
| Término de relación | autor. |
| 9 (RLIN) | 59303 |
| 700 1# - ASIENTO SECUNDARIO - NOMBRE PERSONAL | |
| Nombre personal | Poveda A., Luis J. |
| Término de relación | autor. |
| 9 (RLIN) | 21887 |
| 942 ## - ELEMENTOS ADICIONALES (KOHA) | |
| Sistema de clasificación | Dewey Decimal Classification |
| Tipo de ítem | Libro |
| Withdrawn status | Lost status | Sistema de Clasificación | Damaged status | No para préstamo | Colección | Inventariado | Ubicación Permanente | Ubicación actual | Fecha de adquisición | Fuente de Valor | Valor | Total Checkouts | Número topográfico | Inventario / Código de Barras | Date last seen | Ejemplar | Price effective from | Forma de adquisición | Tipo de material |
|---|---|---|---|---|---|---|---|---|---|---|---|---|---|---|---|---|---|---|---|
| Dewey Decimal Classification | General | Inventariado 2017 | Bogotá | Bogotá | 15/01/2003 | Instituto | 30000.00 | LB-582.16097286 Z25a | 003440 | 28/06/2013 | V. 2 Ej. 1 | 04/12/2012 | Libro |